Districts of Egypt's Cairo Governorate - Statistics

General Stats
  • This quiz has been taken 20 times
  • The average score is 5 of 46
Answer Stats
Hint Answer % Correct
Heliopolis
79%
Zamalek
64%
Maadi
57%
Helwan
43%
Shubra
36%
Abdeen
14%
El Sayeda Zeinab
14%
New Cairo 1
14%
New Cairo 2
14%
Old Cairo
14%
Tora
14%
Zeitoun
14%
South 15 May
7%
Ain Shams
7%
Bab el Shaariya
7%
Badr
7%
West Boulaq
7%
Dar el Salam
7%
East Nasr City
7%
El Marg
7%
East El Salam 1
7%
El Salam 2
7%
El Shorouk
7%
New Cairo 3
7%
Rod el Farag
7%
West Nasr City
7%
Azbakeya
0%
North El Amreya
0%
El Basatin
0%
El Darb el Ahmar
0%
El Gamaliya
0%
El Khalifa
0%
El Masara
0%
El Matareya
0%
El Mokattam
0%
El Mousky
0%
El Nozha
0%
El Sahel
0%
El Sharabia
0%
El Tebbin
0%
El Weily
0%
El Zaher el Sahrawy
0%
El Zawia El Hamraa
0%
Hadayek el Kobba
0%
Manshiat Naser
0%
Qasr el Nil
0%
No matching quizzes found
Score Distribution
Percent of People with Each Score
Percentile by Number Answered
Your Score History
You have not taken this quiz